Estatísticas para Programas do FOX Sports Brasil

Clique aqui para jogar o quiz

Estatísticas Gerais

  • Esse quiz foi jogado 4 vezes
  • A pontuação média é 10 de 12

Estatísticas das Respostas

Apresentador(es)Programa% Correto
Felipe Mota e Daniela Boaventura (1), Eduardo Elias e Marina Ferrari (2), José Ilan e Karine Alves (3)Central FOX
100%
Benjamin Back, Osvaldo Pascoal, Fábio Sormani, Mano e Flávio GomesFOX Sports Rádio
100%
João GuilhermeExpediente Futebol
100%
Nivaldo PrietoA Última Palavra
100%
Nivaldo Prieto, Helena Calil e Gustavo RibeirãoBoa Tarde FOX
100%
Thiago Alves e Flávio GomesFOX Nitro
100%
Bia Feres e Branca FeresFOX Sports Show
100%
Lívia Nepomuceno e Luciano CalheirosBom Dia FOX
100%
Comentaristas do canalRodada FOX
67%
Benjamin Back, Mano, Lívia Nepomuceno e Rodrigo CascinoJogo Sagrado
67%
Thiago Alves e Rodrigo MattarShow da NASCAR
33%
Benjamin BackAqui Com Benja
33%

Distribuição das Pontuações

Percentil de Números Respondidos

Porcentagem de Pessoas com Cada Pontuação

Sua Pontuação Histórica

Você não jogou esse quiz